| 000 | nam a22 4500 | ||
|---|---|---|---|
| 999 |
_c148354 _d148352 |
||
| 005 | 20190429140444.0 | ||
| 008 | 190429b mx ||||| |||| 00| 0 spa d | ||
| 020 | _a9786079276577 (o.c.) | ||
| 020 | _a9786079276836 (volumen) | ||
| 050 | 0 | 4 |
_aKGF2914 [1814] _bF59 2014 |
| 100 | 1 |
_aFix-Zamudio, Héctor, _d1924- |
|
| 245 | 1 | 0 |
_aReflexiones sobre el Decreto constitucional para la libertad de la América Mexicana : _bsancionado en Apatzingán el 22 de octubre de 1814 _c/ Héctor Fix Zamudio |
| 250 | _a1a ed. | ||
| 260 |
_aMéxico : _bGobierno de la República : _bSenado de la República, LXII Legislatura : _bSecretaría de Educación Pública : _bInstituto Nacional de Estudios Históricos de las Revoluciones de México, _c2014. |
||
| 300 |
_a359 p. : _bil. + _c31 cm. _e1 facsimilar (34 p. ) |
||
| 490 | _a Biblioteca Mexicana del Conocimiento | ||
| 500 | _a "Centenario Constitución Política de los Estados Unidos Mexicanos 1917-2017" | ||
| 610 | 1 | 0 |
_aMéxico. _xConstitución de Apatzingán. |
| 650 | 7 |
_2lemb _aHistoria constitucional _zMéxico |
|
| 650 | 7 |
_2lemb _aDerecho constitucional _zMéxico |
|
| 942 |
_2lcc _cLIB |
||